000 00655nmm a2200169Ia 4500
008 251105s9999||||xx |||||||||||||||||und||
020 _a9788491340775
041 _aspa
100 _aPeiró Sánchez-Manjavacas, Enrique
245 0 _aAnálisis de los planes territoriales sectoriales en España :
_b Diagnóstico y tipificación por Comunidades Autónomas
264 _a[Madrid, España] :
_bPublicaciones de la Universidad de Valencia (PUV),
_c2017
300 _a160 páginas
490 _aEstudios y Documentos de Desarrollo Local
650 _aPolitical Science (General)
856 _uhttps://public.digitaliapublishing.com/a/49553
942 _cCF
999 _c88495
_d88495